<?xml version="1.0" encoding="UTF-8"?>
<record
    xmlns:xsi="http://www.w3.org/2001/XMLSchema-instance"
    xsi:schemaLocation="http://www.loc.gov/MARC21/slim http://www.loc.gov/standards/marcxml/schema/MARC21slim.xsd"
    xmlns="http://www.loc.gov/MARC21/slim">

  <leader>02552fam a2200313 a 4500</leader>
  <controlfield tag="001">2248620</controlfield>
  <controlfield tag="003">OSt</controlfield>
  <controlfield tag="005">20151014120558.0</controlfield>
  <controlfield tag="008">971202s1999    nyuaf    b    001 0 eng  </controlfield>
  <datafield tag="010" ind1=" " ind2=" ">
    <subfield code="a">   97048837 </subfield>
  </datafield>
  <datafield tag="020" ind1=" " ind2=" ">
    <subfield code="a">0716728818</subfield>
  </datafield>
  <datafield tag="035" ind1=" " ind2=" ">
    <subfield code="a">(OCoLC)38073335</subfield>
  </datafield>
  <datafield tag="035" ind1=" " ind2=" ">
    <subfield code="a">(OCoLC)ocm38073335</subfield>
  </datafield>
  <datafield tag="035" ind1=" " ind2=" ">
    <subfield code="a">(NNC)2248620</subfield>
  </datafield>
  <datafield tag="040" ind1=" " ind2=" ">
    <subfield code="a">DLC</subfield>
    <subfield code="c">DLC</subfield>
    <subfield code="d">DLC</subfield>
    <subfield code="d">NNC</subfield>
    <subfield code="d">OrLoB-B</subfield>
  </datafield>
  <datafield tag="050" ind1="0" ind2="0">
    <subfield code="a">QD101.2</subfield>
    <subfield code="b">.H37 1999</subfield>
  </datafield>
  <datafield tag="082" ind1="0" ind2="0">
    <subfield code="a">545</subfield>
    <subfield code="2">21</subfield>
  </datafield>
  <datafield tag="100" ind1="1" ind2=" ">
    <subfield code="a">Harris, Daniel C.,</subfield>
    <subfield code="d">1948-</subfield>
  </datafield>
  <datafield tag="245" ind1="1" ind2="0">
    <subfield code="a">Quantitative chemical analysis /</subfield>
    <subfield code="c">Daniel C. Harris.</subfield>
  </datafield>
  <datafield tag="250" ind1=" " ind2=" ">
    <subfield code="a">5th ed.</subfield>
  </datafield>
  <datafield tag="260" ind1=" " ind2=" ">
    <subfield code="a">New York :</subfield>
    <subfield code="b">W.H. Freeman,</subfield>
    <subfield code="c">1999.</subfield>
  </datafield>
  <datafield tag="300" ind1=" " ind2=" ">
    <subfield code="a">xix, 899, 42, 34, 126 p., [12] p. of plates :</subfield>
    <subfield code="b">ill. (some col.) ;</subfield>
    <subfield code="c">26 cm. +</subfield>
    <subfield code="e">1 computer laser optical disc (4 3/4 in.)</subfield>
  </datafield>
  <datafield tag="500" ind1=" " ind2=" ">
    <subfield code="a">Includes bibliographical references and index.</subfield>
  </datafield>
  <datafield tag="505" ind1="0" ind2="0">
    <subfield code="g">Ch. 0.</subfield>
    <subfield code="t">The Analytical Process --</subfield>
    <subfield code="g">Ch. 1.</subfield>
    <subfield code="t">Measurements --</subfield>
    <subfield code="g">Ch. 2.</subfield>
    <subfield code="t">Tools of the Trade --</subfield>
    <subfield code="g">Ch. 3.</subfield>
    <subfield code="t">Experimental Error --</subfield>
    <subfield code="g">Ch. 4.</subfield>
    <subfield code="t">Statistics and Spreadsheets --</subfield>
    <subfield code="g">Ch. 5.</subfield>
    <subfield code="t">Calibration Methods --</subfield>
    <subfield code="g">Ch. 6.</subfield>
    <subfield code="t">Chemical Equilibrium --</subfield>
    <subfield code="g">Ch. 7.</subfield>
    <subfield code="t">Let the Titrations Begin --</subfield>
    <subfield code="g">Ch. 8.</subfield>
    <subfield code="t">Activity --</subfield>
    <subfield code="g">Ch. 9.</subfield>
    <subfield code="t">Systematic Treatment of Equilibrium --</subfield>
    <subfield code="g">Ch. 10.</subfield>
    <subfield code="t">Monoprotic Acid-Base Equilibria --</subfield>
    <subfield code="g">Ch. 11.</subfield>
    <subfield code="t">Polyprotic Acid-Base Equilibria --</subfield>
    <subfield code="g">Ch. 12.</subfield>
    <subfield code="t">Acid-Base Titrations --</subfield>
    <subfield code="g">Ch. 13.</subfield>
    <subfield code="t">EDTA Titrations --</subfield>
    <subfield code="g">Ch. 14.</subfield>
    <subfield code="t">Fundamentals of Electrochemistry --</subfield>
    <subfield code="g">Ch. 15.</subfield>
    <subfield code="t">Electrodes and Potentiometry --</subfield>
    <subfield code="g">Ch. 16.</subfield>
    <subfield code="t">Redox Titrations --</subfield>
    <subfield code="g">Ch. 17.</subfield>
    <subfield code="t">Electrogravimetric and Coulometric Analyses --</subfield>
    <subfield code="g">Ch. 18.</subfield>
    <subfield code="t">Voltammetry --</subfield>
    <subfield code="g">Ch. 19.</subfield>
    <subfield code="t">Fundamentals of Spectrophotometry --</subfield>
    <subfield code="g">Ch. 20.</subfield>
    <subfield code="t">Applications of Spectrophotometry --</subfield>
    <subfield code="g">Ch. 21.</subfield>
    <subfield code="t">Spectrophotometers --</subfield>
    <subfield code="g">Ch. 22.</subfield>
    <subfield code="t">Atomic Spectroscopy --</subfield>
    <subfield code="g">Ch. 23.</subfield>
    <subfield code="t">Introduction to Analytical Separations --</subfield>
    <subfield code="g">Ch. 24.</subfield>
    <subfield code="t">Gas Chromatography --</subfield>
    <subfield code="g">Ch. 25.</subfield>
    <subfield code="t">High-Performance Liquid Chromatography --</subfield>
  </datafield>
  <datafield tag="505" ind1="8" ind2="0">
    <subfield code="g">Ch. 26.</subfield>
    <subfield code="t">Chromatographic Methods and Capillary Electrophoresis --</subfield>
    <subfield code="g">Ch. 27.</subfield>
    <subfield code="t">Gravimetric and Combustion Analysis --</subfield>
    <subfield code="g">Ch. 28.</subfield>
    <subfield code="t">Sample Preparation --</subfield>
    <subfield code="g">Ch. 29.</subfield>
    <subfield code="t">Experiments --</subfield>
    <subfield code="g">App. A.</subfield>
    <subfield code="t">Logarithms and Exponents --</subfield>
    <subfield code="g">App. B.</subfield>
    <subfield code="t">Graphs of Straight Lines --</subfield>
    <subfield code="g">App. C.</subfield>
    <subfield code="t">Propagation of Uncertainty --</subfield>
    <subfield code="g">App. D.</subfield>
    <subfield code="t">Oxidation Numbers and Balancing Redox Equations --</subfield>
    <subfield code="g">App. E.</subfield>
    <subfield code="t">Normality --</subfield>
    <subfield code="g">App. F.</subfield>
    <subfield code="t">Solubility Products --</subfield>
    <subfield code="g">App. G.</subfield>
    <subfield code="t">Acid Dissociation Constants --</subfield>
    <subfield code="g">App. H.</subfield>
    <subfield code="t">Standard Reduction Potentials --</subfield>
    <subfield code="g">App. I.</subfield>
    <subfield code="t">Stepwise Formation Constants --</subfield>
    <subfield code="g">App. J.</subfield>
    <subfield code="t">Logarithm of the Formation Constant for the Reaction [actual symbol not reproducible].</subfield>
  </datafield>
  <datafield tag="650" ind1=" " ind2="0">
    <subfield code="a">Chemistry, Analytic</subfield>
    <subfield code="x">Quantitative.</subfield>
  </datafield>
  <datafield tag="900" ind1=" " ind2=" ">
    <subfield code="b">TOC</subfield>
  </datafield>
  <datafield tag="942" ind1=" " ind2=" ">
    <subfield code="2">lcc</subfield>
    <subfield code="c">BK</subfield>
  </datafield>
  <datafield tag="999" ind1=" " ind2=" ">
    <subfield code="c">250643</subfield>
    <subfield code="d">250643</subfield>
  </datafield>
  <datafield tag="952" ind1=" " ind2=" ">
    <subfield code="0">0</subfield>
    <subfield code="1">0</subfield>
    <subfield code="2">lcc</subfield>
    <subfield code="4">0</subfield>
    <subfield code="7">0</subfield>
    <subfield code="a">40404</subfield>
    <subfield code="b">40404</subfield>
    <subfield code="c">GEN</subfield>
    <subfield code="d">2015-10-14</subfield>
    <subfield code="l">10</subfield>
    <subfield code="o">QD101.2 .H37 1999</subfield>
    <subfield code="p">20091790</subfield>
    <subfield code="r">2019-11-23 00:00:00</subfield>
    <subfield code="s">2019-11-08</subfield>
    <subfield code="w">2015-10-14</subfield>
    <subfield code="y">BK</subfield>
  </datafield>
</record>
